|
|
|
|
| LEADER |
00000nbm0a2200000 4500 |
| 001 |
22590 |
| 005 |
20231030194753.0 |
| 035 |
|
|
|a (RuTPU)RU\TPU\book\22803
|
| 035 |
|
|
|a BOOK00022875
|
| 090 |
|
|
|a 22590
|
| 100 |
|
|
|a 20011209d2000 k y0rusy50 ca
|
| 101 |
0 |
|
|a rus
|
| 102 |
|
|
|a RU
|
| 105 |
|
|
|a y m 000zy
|
| 200 |
1 |
|
|a Исследование дисперсии относительной диэлектрической проницаемости твердых диэлектриков в широком диапазоне частот
|e диссертация на соискание ученой степени кандидата технических наук
|f Л. О. Гудкова
|g Иркутский государственный технический университет
|
| 210 |
|
|
|a Иркутск
|d 2000
|
| 215 |
|
|
|a 213 л.
|
| 610 |
1 |
|
|a электрические величины
|
| 610 |
1 |
|
|a методы измерений
|
| 610 |
1 |
|
|a диэлектрики
|
| 610 |
1 |
|
|a проницаемость
|
| 610 |
1 |
|
|a дисперсия
|
| 610 |
1 |
|
|a исследование
|
| 610 |
1 |
|
|a диссертации
|
| 675 |
|
|
|a 621.315.61:53(04)
|v 3
|
| 700 |
|
1 |
|a Гудкова
|b Л. О.
|g Людмила Олеговна
|
| 712 |
0 |
2 |
|a Иркутский государственный технический университет
|2 stltpush
|3 (RuTPU)RU\TPU\col\17
|
| 801 |
|
0 |
|a RU
|b 63413507
|c 20011209
|g PSBO
|
| 801 |
|
2 |
|a RU
|b 63413507
|c 20040213
|g PSBO
|
| 942 |
|
|
|c BK
|